Fundamentals of Hinduism : (Record no. 64428)

MARC details
000 -LEADER
fixed length control field 00405nam a22001457a 4500
005 - DATE AND TIME OF LATEST TRANSACTION
control field 20180809144900.0
020 ## - INTERNATIONAL STANDARD BOOK NUMBER
Terms of availability 250.00
035 ## - SYSTEM CONTROL NUMBER
System control number A-735509, A-735510
037 ## - SOURCE OF ACQUISITION
Stock number DPL
Source of stock number/acquisition ENG
100 ## - MAIN ENTRY--PERSONAL NAME
Personal name Seereeram, H.
245 ## - TITLE STATEMENT
Title Fundamentals of Hinduism :
Remainder of title A basix text /
Statement of responsibility, etc by H. Seereeram
260 ## - PUBLICATION, DISTRIBUTION, ETC. (IMPRINT)
Place of publication, distribution, etc Delhi
Name of publisher, distributor, etc Gaurav Prakashan
Date of publication, distribution, etc 1994
300 ## - PHYSICAL DESCRIPTION
Extent 223p.
Dimensions 20 cms.
942 ## - ADDED ENTRY ELEMENTS (KOHA)
Source of classification or shelving scheme Dewey Decimal Classification
Item type English Books
Classification part 230
Call number suffix HAR
Holdings
Withdrawn status Lost status Not for loan Collection code Home library Current library Date acquired Cost, normal purchase price Full call number Barcode Cost, replacement price Koha item type Source of acquisition
      Non-fiction Sarojini Nagar Sarojini Nagar 27/03/2012 250.00 230 HAR A-735509 250.00 English Books  
      Non-fiction Shahdara Branch Shahdara Branch 09/08/2018 250.00 230 HAR A-735510 250.00 English Books BPPD/PUB

© Delhi Public Library
Hit Counter
free hit counter